|
|
|
|
| LEADER |
00792nam a2200265 4500 |
| 001 |
DLU100109073 |
| 005 |
##20100614 |
| 040 |
# |
# |
|a DLU
|b vie
|
| 041 |
# |
# |
|a vie
|
| 044 |
# |
# |
|a vn
|
| 100 |
# |
# |
|a Nguyễn Đức Mai,
|c TS.
|
| 245 |
# |
# |
|a "Giết trẻ em" hay "Phạm tội đối với trẻ em" /
|c Nguyễn Đức Mai.
|
| 653 |
# |
# |
|a Giết người
|
| 653 |
# |
# |
|a Luật tố tụng hình sự
|
| 653 |
# |
# |
|a Vụ án hình sự
|
| 773 |
# |
# |
|t Tạp chí Toà án nhân dân
|g Số8(16), 2008, tr. 23-24,33
|
| 920 |
# |
# |
|a Phòng Tạp chí -- Trung tâm Thông tin - Thư viện Trường Đại học Đà Lạt
|
| 994 |
# |
# |
|a DLU
|
| 900 |
# |
# |
|a True
|
| 911 |
# |
# |
|a Nguyễn Thị Linh Chi
|
| 925 |
# |
# |
|a G
|
| 926 |
# |
# |
|a A
|
| 927 |
# |
# |
|a BB
|
| 980 |
# |
# |
|a Thư viện Trường Đại học Đà Lạt
|